000 00928nas a2200301 4500
001 BR2016004193
003 BR-BrBNA
005 20231205130642.0
007 ta
008 230509b bl.|||p| |||| 00| 00por d
040 _aBR-BrBNA
_bpor
_cBiblioteca Nacional de Agricultura
041 _a(Pt)
072 _aQ03
100 1 _aLima, I.M. da S.
100 1 _aFerreira, T.M.L.
100 1 _aAraújo, D.C. de S.
100 1 _aPascoal, J.C.M.
100 1 _aLima, R.W. de S.
245 1 _aQualidade microbiológica de produtos de confeitaria comercializados na cidade de Maceió - AL
650 _aDOCE
650 _aALIMENTO PREPARADO
650 _aCONTAMINAÇÃO
650 _aCOLIFORME
650 _aANÁLISE MICROBIOLÓGICA
773 0 _tHigiene Alimentar (Brazil)
_xISSN 0101-9171
_g(Jul-Aug 2016), v. 30(258-259) p. 97-102
_wBR2016004193
909 _a202311
_bLúcia
_c55
_dLúcia Elande
942 _2AGRIS
_n0
_cANA
999 _c250543
_d250543